[Event "Karvina op"]
[Site "Karvina"]
[Date "2010.07.03"]
[Round "1"]
[White "Kozel, Jan"]
[Black "Haba, Petr"]
[Result "0-1"]
[WhiteElo "1870"]
[BlackElo "2542"]
[PlyCount "90"]
[EventDate "2010.07.03"]
[EventType "swiss"]
[EventRounds "9"]
[EventCountry "CZE"]
[SourceTitle "EXT 2011"]
[Source "ChessBase"]
[SourceDate "2010.11.26"]
[SourceVersion "1"]
[SourceVersionDate "2010.11.26"]
[SourceQuality "1"]

1. e4 c5 2. Nf3 e6 3. d4 cxd4 4. Nxd4 Nc6 5. Nc3 Qc7 6. Be3 a6 7. Be2 Nf6 8. a3 b5 9. 0-0 Bb7 10. Bf3 Ne5 11. Bf4 d6 12. Bxe5 dxe5 13. Nb3 Be7 14. Qe2 0-0 15. Rad1 Bxa3 16. bxa3 Qxc3 17. Rd3 Qc7 18. Rfd1 Rfd8 19. Qd2 Rxd3 20. cxd3 Rc8 21. Rc1 Qd6 22. Rxc8+ Bxc8 23. Qc3 Bd7 24. Nc5 Qc7 25. h3 Be8 26. Na4 Qxc3 27. Nxc3 Kf8 28. Kf1 Ke7 29. Na2 Kd6 30. Nc1 Nd7 31. Ke2 Nb8 32. Kd2 Nc6 33. Kc3 Nd4 34. Bd1 Kc5 35. Nb3+ Nxb3 36. Bxb3 a5 37. g4 b4+ 38. axb4+ axb4+ 39. Kd2 Kd4 40. h4 Bb5 41. Bc2 Ba6 42. g5 g6 43. f3 Bb5 44. Bb3 Bxd3 45. Ba4 Bc4 0-1

[Event "EU-ch U16 18th"]
[Site "Herceg Novi"]
[Date "2008.09.15"]
[Round "1"]
[White "Petrisor, Adrian Marian"]
[Black "Kozel, Jan"]
[Result "1-0"]
[WhiteElo "2168"]
[BlackElo "1797"]
[PlyCount "51"]
[EventDate "2008.09.15"]
[EventType "swiss"]
[EventRounds "9"]
[EventCountry "MNE"]
[SourceTitle "CBM 126 Extra"]
[Source "ChessBase"]
[SourceDate "2008.11.05"]
[SourceVersion "1"]
[SourceVersionDate "2008.11.05"]
[SourceQuality "1"]

1. e4 e6 2. d4 d5 3. Nd2 Nf6 4. e5 Nfd7 5. Bd3 c5 6. c3 Nc6 7. Ne2 Qb6 8. Nf3 cxd4 9. cxd4 f6 10. exf6 Nxf6 11. 0-0 Bd6 12. Re1 0-0 13. Ng3 Bd7 14. b3 Rae8 15. Be3 Qd8 16. Rc1 Qb8 17. Bb1 Kh8 18. Ng5 g6 19. Qc2 Nb4 20. Qe2 a6 21. Qd1 Bf4 22. Rc3 e5 23. Bxf4 exf4 24. Nf1 Bb5 25. Rh3 Qc7 26. Bxg6 1-0

[Event "Morava-ch U16"]
[Site "Havlickuv Brod"]
[Date "2007.10.27"]
[Round "7"]
[White "Kozel, Jan"]
[Black "Seidl, Antonin"]
[Result "0-1"]
[WhiteElo "1792"]
[BlackElo "1920"]
[PlyCount "98"]
[EventDate "2007.10.24"]
[EventType "swiss"]
[EventRounds "9"]
[EventCountry "CZE"]
[SourceTitle "EXT 2022"]
[Source "ChessBase"]
[SourceDate "2021.10.06"]
[SourceVersion "1"]
[SourceVersionDate "2021.10.06"]
[SourceQuality "1"]

1. e4 e6 2. d4 d5 3. Nd2 Nf6 4. e5 Nfd7 5. Bd3 c5 6. c3 Nc6 7. Ne2 cxd4 8. cxd4 f6 9. exf6 Nxf6 10. 0-0 Bd6 11. Nf3 0-0 12. b3 Bd7 13. Re1 e5 14. dxe5 Nxe5 15. Ned4 Qc7 16. Bb2 Rae8 17. Rc1 Qb8 18. Bb1 Bg4 19. h3 Nxf3+ 20. Nxf3 Rxe1+ 21. Qxe1 Bxf3 22. gxf3 Re8 23. Qd1 Bf4 24. Rc2 Qd6 25. Re2 Be5 26. Bc1 d4 27. Qd3 Qd7 28. Kg2 g6 29. f4 Qc6+ 30. f3 Qxc1 31. fxe5 Nd5 32. Qb5 Nf4+ 33. Kh2 Rf8 34. Bd3 Nxe2 35. Bxe2 Qc6 36. Qb4 Re8 37. Qxd4 b5 38. f4 a6 39. Kg3 Rc8 40. Bf3 Qc5 41. Qd7 Qg1+ 42. Kh4 Qf2+ 43. Kg4 Rf8 44. Qd5+ Kh8 45. Qd6 h5+ 46. Kg5 Qg3+ 47. Kh6 Qxf4+ 48. Kxg6 Rg8+ 49. Kxh5 Qg5# 0-1

[Event "Ostrava Konik op-B"]
[Site "Ostrava"]
[Date "2007.05.??"]
[Round "3"]
[White "Kozel, Jan"]
[Black "Perik, Alois"]
[Result "1/2-1/2"]
[WhiteElo "1770"]
[BlackElo "1880"]
[PlyCount "103"]
[EventDate "2007.05.??"]
[EventType "swiss"]
[EventRounds "9"]
[EventCountry "CZE"]
[SourceTitle "EXT 2010"]
[Source "ChessBase"]
[SourceDate "2010.11.25"]
[SourceVersion "1"]
[SourceVersionDate "2010.11.25"]
[SourceQuality "1"]

1. e4 d6 2. d4 Nf6 3. Nc3 g6 4. f3 c6 5. Be3 Nbd7 6. Qd2 b5 7. a3 a6 8. Bh6 Bxh6 9. Qxh6 Qa5 10. Ra2 Bb7 11. Bd3 e5 12. dxe5 dxe5 13. Nh3 Qb6 14. Nf2 c5 15. 0-0 c4 16. Be2 Nf8 17. Rd1 Ne6 18. Bf1 Ke7 19. Nd5+ Bxd5 20. exd5 Nd4 21. Qe3 Nd7 22. Qe4 f6 23. d6+ Kf7 24. c3 Ne6 25. b4 cxb3 26. Rad2 Ndc5 27. Qg4 h5 28. Qb4 Rhd8 29. Rd5 Rd7 30. Kh1 Rad8 31. Ne4 Nxe4 32. fxe4 b2 33. c4 Rxd6 34. Qxb2 Rxd5 35. Rxd5 Rxd5 36. exd5 Nd4 37. Qc3 Qc5 38. Qa5 Nb3 39. Qc3 Qf2 40. Qf3 Qxf3 41. gxf3 bxc4 42. Bxc4 Nc5 43. Kg2 h4 44. Kh3 g5 45. d6+ Ke8 46. Kg4 Nb7 47. Bxa6 Nxd6 48. Bd3 Nb7 49. Kf5 Ke7 50. Ba6 Na5 51. Bb5 Nb7 52. Ba6 1/2-1/2

[Event "Ostrava Konik op-B"]
[Site "Ostrava"]
[Date "2007.05.??"]
[Round "5"]
[White "Kozel, Jan"]
[Black "Petrov, Bogoljub"]
[Result "0-1"]
[WhiteElo "1770"]
[BlackElo "1995"]
[PlyCount "72"]
[EventDate "2007.05.??"]
[EventType "swiss"]
[EventRounds "9"]
[EventCountry "CZE"]
[SourceTitle "EXT 2010"]
[Source "ChessBase"]
[SourceDate "2010.11.25"]
[SourceVersion "1"]
[SourceVersionDate "2010.11.25"]
[SourceQuality "1"]

1. e4 e5 2. Nf3 Nc6 3. d4 exd4 4. Bc4 Nf6 5. 0-0 d6 6. Nxd4 Ne5 7. Bb3 c5 8. Nf3 Bg4 9. Ba4+ Nfd7 10. Bf4 Nxf3+ 11. gxf3 Qf6 12. fxg4 Qxf4 13. f3 0-0-0 14. Qd2 Qxd2 15. Nxd2 Ne5 16. Bb3 Be7 17. h3 g5 18. Rad1 h5 19. Nc4 Nc6 20. Ne3 hxg4 21. hxg4 Rh7 22. Nf5 Kc7 23. Rd5 Bf6 24. Rfd1 Be5 25. c3 Rh3 26. Ne3 Rdh8 27. Kf2 Bg3+ 28. Kf1 Bf4 29. Ng2 Rxf3+ 30. Ke2 Rg3 31. Nxf4 Rh2+ 32. Kf1 gxf4 33. Rxd6 Ne5 34. R1d2 Rh1+ 35. Kf2 Nxg4+ 36. Ke2 Re3# 0-1

[Event "Ostrava Konik op-B"]
[Site "Ostrava"]
[Date "2007.05.??"]
[Round "9"]
[White "Kozel, Jan"]
[Black "Schoupal, Patrik"]
[Result "0-1"]
[WhiteElo "1770"]
[BlackElo "1995"]
[PlyCount "82"]
[EventDate "2007.05.??"]
[EventType "swiss"]
[EventRounds "9"]
[EventCountry "CZE"]
[SourceTitle "EXT 2010"]
[Source "ChessBase"]
[SourceDate "2010.11.25"]
[SourceVersion "1"]
[SourceVersionDate "2010.11.25"]
[SourceQuality "1"]

1. e4 g6 2. d4 Bg7 3. Nc3 d6 4. Nf3 Nf6 5. Be2 e6 6. Bg5 h6 7. Bh4 g5 8. Bg3 Qe7 9. Qd3 a6 10. 0-0-0 Nfd7 11. h3 b5 12. e5 d5 13. Qe3 Nb6 14. Bd3 N8d7 15. Nd2 Nc4 16. Bxc4 bxc4 17. f4 Rb8 18. fxg5 Qb4 19. b3 a5 20. Rhf1 Ba6 21. Qf3 Rf8 22. Rf2 cxb3 23. cxb3 c5 24. dxc5 Nxc5 25. Ndb1 Bb7 26. Qe3 h5 27. Rf4 Qb6 28. Bf2 Rc8 29. Qe2 Ba6 30. Qe3 Qc7 31. Qxc5 Qxc5 32. Bxc5 Rxc5 33. Rh4 Bxe5 34. Kd2 Rh8 35. Ne2 Ke7 36. Nf4 Rhc8 37. Na3 Bb2 38. Nb1 Rc2+ 39. Ke3 Bc1+ 40. Kf3 Rxa2 41. Rxh5 Bxf4 0-1

[Event "Ostrava Konik op-B"]
[Site "Ostrava"]
[Date "2007.05.??"]
[Round "6"]
[White "Pavelek, Tomas"]
[Black "Kozel, Jan"]
[Result "0-1"]
[WhiteElo "1845"]
[BlackElo "1770"]
[PlyCount "104"]
[EventDate "2007.05.??"]
[EventType "swiss"]
[EventRounds "9"]
[EventCountry "CZE"]
[SourceTitle "EXT 2010"]
[Source "ChessBase"]
[SourceDate "2010.11.25"]
[SourceVersion "1"]
[SourceVersionDate "2010.11.25"]
[SourceQuality "1"]

1. e4 e6 2. d4 d5 3. exd5 exd5 4. c4 Nf6 5. Bg5 Be7 6. Nf3 0-0 7. Be2 dxc4 8. Bxc4 Nbd7 9. 0-0 Nb6 10. Bd3 Bg4 11. Nbd2 c6 12. Re1 Qc7 13. Ne4 Nbd5 14. Nxf6+ Bxf6 15. Bxf6 Nxf6 16. Be2 Rad8 17. Ne5 Bxe2 18. Rxe2 Qb6 19. Nf3 Rfe8 20. Rc2 Re4 21. Qd3 Rde8 22. a3 Nd5 23. Rf1 Nf4 24. Qc4 Ne2+ 25. Kh1 Nxd4 26. Ng5 R4e7 27. Qd3 g6 28. Rcc1 Qb5 29. Qxd4 Qxg5 30. Rc5 Re1 31. Kg1 Qe7 32. g3 Rxf1+ 33. Kxf1 Qe2+ 34. Kg2 Qe4+ 35. Qxe4 Rxe4 36. Kf3 f5 37. b4 a6 38. h4 Kf7 39. Ra5 Ke6 40. Rc5 h6 41. Rc3 Kd5 42. Rd3+ Rd4 43. Rc3 b6 44. Ke3 c5 45. bxc5 bxc5 46. f3 a5 47. Ke2 Kc6 48. Rb3 a4 49. Rc3 Kb5 50. Ke3 Rd1 51. Ke2 Rb1 52. Ke3 Rb3 0-1

[Event "Pobeskydy Chance 18th"]
[Site "Frydek Mistek"]
[Date "2007.04.05"]
[Round "1"]
[White "Pecha, Tomas"]
[Black "Kozel, Jan"]
[Result "1-0"]
[WhiteElo "2120"]
[BlackElo "1782"]
[PlyCount "49"]
[EventDate "2007.04.05"]
[EventType "swiss"]
[EventRounds "9"]
[EventCountry "CZE"]
[SourceTitle "CBM 118 Extra"]
[Source "ChessBase"]
[SourceDate "2007.07.04"]
[SourceVersion "1"]
[SourceVersionDate "2007.07.04"]
[SourceQuality "1"]

1. e4 e6 2. d4 d5 3. Nc3 Nf6 4. Bg5 Be7 5. e5 Nfd7 6. Bxe7 Qxe7 7. f4 0-0 8. Nf3 a6 9. a3 c5 10. Na4 Nc6 11. Nxc5 Nxc5 12. dxc5 Qxc5 13. Qd3 b5 14. c3 Bb7 15. Nd4 Rae8 16. Nxc6 Qxc6 17. Qd4 f6 18. Bd3 fxe5 19. fxe5 Rf7 20. 0-0-0 a5 21. Rhf1 Rxf1 22. Rxf1 Ba6 23. Qh4 g6 24. Rf7 Kxf7 25. Qxh7+ 1-0

[Event "CZE-ch U14"]
[Site "Sec u Chrudimi"]
[Date "2007.03.10"]
[Round "1"]
[White "Kozel, Jan"]
[Black "Braun, Marek"]
[Result "0-1"]
[WhiteElo "1782"]
[BlackElo "2009"]
[PlyCount "46"]
[EventDate "2007.03.10"]
[EventType "swiss"]
[EventRounds "9"]
[EventCountry "CZE"]
[SourceTitle "EXT 2008"]
[Source "ChessBase"]
[SourceDate "2007.11.25"]
[SourceVersion "1"]
[SourceVersionDate "2007.11.25"]
[SourceQuality "1"]

1. e4 c6 2. d4 d5 3. Nc3 dxe4 4. Nxe4 Bf5 5. Ng3 Bg6 6. Nf3 Nd7 7. Bd3 Bxd3 8. Qxd3 e6 9. 0-0 Qc7 10. c3 Ngf6 11. Re1 0-0-0 12. Bd2 h6 13. Qc2 Bd6 14. Qa4 Kb8 15. c4 c5 16. b4 cxd4 17. c5 Be5 18. Nxe5 Nxe5 19. Bf4 Nf3+ 20. gxf3 Qxf4 21. Rac1 Nd5 22. b5 Qxf3 23. Qxd4 Nf4 0-1

[Event "Piestany Pressburg op"]
[Site "Piestany"]
[Date "2006.11.15"]
[Round "1"]
[White "Skreno, Vladimir"]
[Black "Kozel, Jan"]
[Result "0-1"]
[WhiteElo "2170"]
[BlackElo "1760"]
[PlyCount "74"]
[EventDate "2006.11.15"]
[EventType "swiss"]
[EventRounds "7"]
[EventCountry "SVK"]
[SourceTitle "EXT 2008"]
[Source "ChessBase"]
[SourceDate "2007.11.25"]
[SourceVersion "1"]
[SourceVersionDate "2007.11.25"]
[SourceQuality "1"]

1. d4 e6 2. Nf3 Nf6 3. c4 d5 4. Nc3 Be7 5. Bg5 0-0 6. e3 Nbd7 7. cxd5 exd5 8. Bd3 h6 9. Bxf6 Nxf6 10. 0-0 Bg4 11. Be2 Bxf3 12. Bxf3 c6 13. a3 a5 14. Rc1 Re8 15. Na4 Nd7 16. Bg4 Nb6 17. Qb3 Nxa4 18. Qxa4 Bd6 19. g3 Qg5 20. Bf3 h5 21. h4 Qf5 22. Qd1 g6 23. b4 axb4 24. axb4 Bxb4 25. Rb1 Bc3 26. Rxb7 Ra1 27. Qb3 Rxf1+ 28. Kxf1 Rxe3 29. fxe3 Qxf3+ 30. Kg1 Qxg3+ 31. Kf1 Qf3+ 32. Kg1 Qxe3+ 33. Kg2 Qe2+ 34. Kh3 Qg4+ 35. Kh2 Qxh4+ 36. Kg2 Qe4+ 37. Kf1 Qf3+ 0-1

[Event "CZE-ch U14"]
[Site "Zlate Hory"]
[Date "2006.03.15"]
[Round "6"]
[White "Kozel, Jan"]
[Black "Vlasak, Lukas"]
[Result "0-1"]
[WhiteElo "1659"]
[BlackElo "1881"]
[PlyCount "64"]
[EventDate "2006.03.11"]
[EventType "swiss"]
[EventRounds "9"]
[EventCountry "CZE"]
[SourceTitle "EXT 2008"]
[Source "ChessBase"]
[SourceDate "2007.11.25"]
[SourceVersion "1"]
[SourceVersionDate "2007.11.25"]
[SourceQuality "1"]

1. e4 e5 2. Nf3 Nf6 3. Nxe5 d6 4. Nf3 Nxe4 5. d4 d5 6. Bd3 Bd6 7. 0-0 0-0 8. Nbd2 Bf5 9. c4 c6 10. Qb3 b6 11. Re1 Re8 12. Qc2 Nxd2 13. Bxd2 Bxd3 14. Qxd3 Nd7 15. Rxe8+ Qxe8 16. Re1 Qd8 17. cxd5 cxd5 18. Qf5 Nf8 19. Kh1 Be7 20. Ne5 Bf6 21. g4 h6 22. h4 Bxe5 23. Rxe5 Ng6 24. Rxd5 Qxh4+ 25. Kg2 Ne7 26. Qh5 Qf6 27. Re5 Nc6 28. Rd5 Nxd4 29. g5 Qc6 30. gxh6 Rd8 31. f3 Qxd5 32. h7+ Kh8 0-1

[Event "CZE-ch U14"]
[Site "Zlate Hory"]
[Date "2006.03.14"]
[Round "5"]
[White "Kozel, Jan"]
[Black "Kosek, Marek"]
[Result "1-0"]
[WhiteElo "1659"]
[BlackElo "1589"]
[PlyCount "55"]
[EventDate "2006.03.11"]
[EventType "swiss"]
[EventRounds "9"]
[EventCountry "CZE"]
[SourceTitle "EXT 2008"]
[Source "ChessBase"]
[SourceDate "2007.11.25"]
[SourceVersion "1"]
[SourceVersionDate "2007.11.25"]
[SourceQuality "1"]

1. e4 c5 2. Nf3 d6 3. d4 cxd4 4. Nxd4 Nf6 5. Nc3 a6 6. Be2 e6 7. Be3 Be7 8. 0-0 0-0 9. f4 b5 10. e5 dxe5 11. fxe5 Nd5 12. Nxd5 exd5 13. Bg4 Bc5 14. c3 Bxd4 15. cxd4 Bxg4 16. Qxg4 Kh8 17. Rac1 Nd7 18. Bd2 a5 19. Rf3 Nb6 20. Qh5 g6 21. Qh6 f6 22. Rh3 Qd7 23. exf6 Rxf6 24. Bf4 Re6 25. Rc7 Re1+ 26. Kf2 Re2+ 27. Kxe2 Qg4+ 28. Kf2 1-0

[Event "CZE-ch U14"]
[Site "Zlate Hory"]
[Date "2006.03.14"]
[Round "4"]
[White "Svoboda, Karel"]
[Black "Kozel, Jan"]
[Result "1/2-1/2"]
[WhiteElo "1787"]
[BlackElo "1659"]
[PlyCount "58"]
[EventDate "2006.03.11"]
[EventType "swiss"]
[EventRounds "9"]
[EventCountry "CZE"]
[SourceTitle "EXT 2008"]
[Source "ChessBase"]
[SourceDate "2007.11.25"]
[SourceVersion "1"]
[SourceVersionDate "2007.11.25"]
[SourceQuality "1"]

1. e4 e6 2. d4 d5 3. e5 c5 4. c3 Qb6 5. Nf3 Nc6 6. Be2 cxd4 7. cxd4 Nge7 8. b3 Nf5 9. Bb2 Bb4+ 10. Kf1 0-0 11. g4 Nfe7 12. a3 Ba5 13. b4 Nxb4 14. axb4 Bxb4 15. Ba3 Bxa3 16. Nxa3 Bd7 17. Kg2 Ng6 18. Qd2 f6 19. Bd3 Be8 20. Rab1 Qc7 21. Rhc1 Qe7 22. Bxg6 Bxg6 23. Qb4 Qd8 24. Rb2 Be4 25. Rc3 fxe5 26. Kg3 Qf6 27. Nxe5 Qf4+ 28. Kh3 Qh6+ 29. Kg3 Qf4+ 1/2-1/2